They're the young generation and they've got something to say (Record no. 82596)
[ view plain ]
| 000 -LEADER | |
|---|---|
| fixed length control field | 00661cab a22001815a 4500 |
| 001 - CONTROL NUMBER | |
| control field | L150657 |
| 008 - FIXED-LENGTH DATA ELEMENTS--GENERAL INFORMATION | |
| fixed length control field | 100810e20100806xxk f 000 0 eng d |
| 035 ## - SYSTEM CONTROL NUMBER | |
| System control number | (Sirsi) u150658 |
| 041 0# - LANGUAGE CODE | |
| Language code of text/sound track or separate title | eng |
| 100 1# - MAIN ENTRY--PERSONAL NAME | |
| Personal name | McMeeken, Roxane |
| 245 01 - TITLE STATEMENT | |
| Title | They're the young generation and they've got something to say |
| 260 ## - PUBLICATION, DISTRIBUTION, ETC. | |
| Date of publication, distribution, etc. | 2010 |
| 490 ## - SERIES STATEMENT | |
| Series statement | Building |
| Volume/sequential designation | 275 (8641) 6 August 2010, 30-33(4) |
| 520 ## - SUMMARY, ETC. | |
| Summary, etc. | Commentary and survey results of under-28 year old construction professionals; levels of satisfaction with career choice; what they would change about the industry. |
| 590 ## - LOCAL NOTE (RLIN) | |
| Local note | KA |
| 690 ## - LOCAL SUBJECT ADDED ENTRY--TOPICAL TERM (OCLC, RLIN) | |
| Topical term or geographic name as entry element | CAREERS, EDUCATION AND TRAINING-CAREERS IN SURVEYING |
| 942 ## - ADDED ENTRY ELEMENTS (KOHA) | |
| Suppress in OPAC | 0 |
| Withdrawn status | Lost status | Source of classification or shelving scheme | Damaged status | Not for loan | Home library | Current library | Shelving location | Date acquired | Total Checkouts | Full call number | Barcode | Date last seen | Copy number | Price effective from | Koha item type |
|---|---|---|---|---|---|---|---|---|---|---|---|---|---|---|---|
| Dewey Decimal Classification | London | London | Books | 10/08/2010 | L150658 | 150658-1001 | 06/08/2019 | 1 | 06/08/2019 | Book |